000 00362 a2200133 4500
005 20250627153419.0
020 _a0-314-04435-3
082 _a301ALI.
100 _aALIX, K. E.
245 _aSociology, An Everyday Life Approach,
260 _aNew York,
_bSyngress Publishing. INC,
_c2006.
300 _axxi.; 589p.; Ill.; picture,
_bIndex,
_c27cm.
942 _2ddc
_cBKS
999 _c5723
_d5723